|
|
|
|
| LEADER |
01111nam a22003014a 4500 |
| 001 |
5334 |
| 003 |
BD-DhAAL |
| 005 |
20150301123023.0 |
| 008 |
150301s2000 ii a b 001 0 eng |
| 010 |
|
|
|a 00022521
|
| 020 |
|
|
|a 0761994335 (U.S. : cloth)
|
| 020 |
|
|
|a 0761994416 (U.S. : pbk.)
|
| 020 |
|
|
|a 8170368995 (India : cloth)
|
| 020 |
|
|
|a 817036891X (India : pbk.)
|
| 040 |
|
|
|a DLC
|c DLC
|d C#P
|d UKM
|d LVB
|d MYG
|d BD-DhAAL
|
| 050 |
0 |
0 |
|a HF5549.H87353 2000
|
| 082 |
0 |
0 |
|a 658.3
|2 21
|
| 245 |
0 |
0 |
|a Human resource management :
|b perspectives for the new era /
|c edited by Debi S. Saini, Sami A. Khan.
|
| 260 |
|
|
|a New Delhi ;
|a Thousand Oaks, Calif. :
|b Response Books,
|c 2000.
|
| 300 |
|
|
|a 370 p. :
|b ill. ;
|c 23 cm.
|
| 504 |
|
|
|a Includes bibliographical references and index.
|
| 541 |
|
|
|e 5334
|
| 650 |
|
0 |
|a Personnel management.
|9 8889
|
| 700 |
1 |
|
|a Saini, Debi S.,
|d 1950-
|9 8890
|
| 700 |
1 |
|
|a Khan, Sami A.,
|d 1963-
|9 8891
|
| 942 |
|
|
|2 ddc
|c BK
|
| 999 |
|
|
|c 33834
|d 33834
|
| 952 |
|
|
|0 0
|1 0
|2 ddc
|4 0
|6 658_300000000000000
|7 0
|9 52829
|a SCL
|b SCL
|c GEN
|d 2015-03-02
|g 380.00
|l 0
|o 658.3
|p 3020005334
|r 2015-03-02
|t 1
|w 2015-03-02
|y BK
|